[Event "WYCC 2018 G14"]
[Site "Halkidiki"]
[Date "2018.10.30"]
[Round "11"]
[White "Eizaguerri Floris, Maria"]
[Black "Jyothsna L"]
[Result "1/2-1/2"]
[WhiteElo "1987"]
[BlackElo "2060"]
[Annotator "NA"]
[PlyCount "83"]
[EventDate "2018.10.20"]
[EventType "swiss"]
[EventCountry "GRE"]
[SourceTitle "playchess.com"]
[Source "ChessBase"]
[SourceQuality "1"]
[TimeControl "40/5400+30:1800+30"]

1. e4 {[%emt 0:00:00]} c6 {[%emt 0:00:50]} 2. Nc3 {[%emt 0:00:00]} d5 {[%emt 0:00:07]} 3. Nf3 {[%emt 0:00:00]} Bg4 {[%emt 0:00:08]} 4. h3 {[%emt 0:00:00]} Bxf3 {[%emt 0:00:07]} 5. Qxf3 {[%emt 0:00:00]} e6 {[%emt 0:00:24]} 6. d3 {[%emt 0:00:03]} Nf6 {[%emt 0:00:42]} 7. Bd2 {[%emt 0:00:05]} Nbd7 {[%emt 0:01:03]} 8. g4 {[%emt 0:00:06]} Nb6 {[%emt 0:02:03] B11: Caro-Kann (Zweispringer-Variante)} (8... h6 9. h4 Qb6 10. O-O-O Ne5 11. Qe2 d4 12. Nb1 c5 13. f4 Nc6 14. Bh3 Nd7 15. g5 c4 16. g6 O-O-O 17. gxf7 {1-0 (47) Lu,S (2614)-Andreikin,D (2743) Moscow 2016 CBM 173 [Fischer,J]}) 9. g5 {[%emt 0:03:53]} Nfd7 {[%emt 0:00:39]} 10. Qg3 $146 {[%emt 0:01:37]} ({Vorgänger:} 10. h4 dxe4 11. Nxe4 Nc5 12. O-O-O Nba4 13. b3 Nb6 14. Bc3 Nd5 15. Bb2 Qa5 16. Kb1 {½-½ (61) Volovich,V (2306)-Mahalakshmi,M (2252) Moscow 2018}) 10... Bc5 {[%emt 0:08:10]} 11. h4 {[%emt 0:08:52]} Qe7 {[%emt 0:04:28]} 12. Bh3 {[%emt 0:02:49]} Bd6 {[%emt 0:01:26]} 13. f4 {[%emt 0:01:40]} O-O {[%emt 0:03:29]} 14. O-O {[%emt 0:04:36]} f5 {[%emt 0:06:00]} 15. gxf6 {[%emt 0:06:37]} (15. e5 $5 {[%cal Re5d6]} Bc5+ 16. Kh2 $11) 15... Rxf6 {[%emt 0:02:03]} 16. Kh1 {[%emt 0:02:17]} Rg6 {[%emt 0:10:07]} 17. Qh2 {[%emt 0:03:55]} Rh6 {[%emt 0:06:11]} 18. e5 {[%emt 0:07:31]} Bc7 {[%emt 0:01:14]} 19. Be1 {[%emt 0:01:06]} Rf8 {[%emt 0:06:31]} 20. Bg3 {[%emt 0:08:02]} Kh8 {[%emt 0:05:46]} 21. Nd1 {[%emt 0:09:07]} Bd8 {[%emt 0:06:54]} 22. Ne3 {[%emt 0:06:31]} d4 {[%emt 0:05:17]} 23. Ng2 {[%emt 0:07:00]} g6 {[%emt 0:04:23]} 24. Qg1 {[%emt 0:02:43]} c5 {[%emt 0:02:06]} 25. c3 {[%emt 0:00:51]} dxc3 {[%emt 0:03:00]} 26. bxc3 {[%emt 0:00:06]} Nd5 {[%emt 0:00:32]} 27. c4 {[%emt 0:04:01]} Nb4 {[%emt 0:00:45]} 28. Ne1 {[%emt 0:01:52]} Nc6 {[%emt 0:04:58]} 29. Nf3 {[%emt 0:01:09]} Nd4 {[%emt 0:00:33]} 30. Nxd4 {[%emt 0:04:00]} cxd4 {[%emt 0:00:03]} 31. Qxd4 {[%emt 0:01:30]} Qe8 {[%emt 0:09:42]} 32. Qe3 {[%emt 0:05:59]} Kg7 {[%emt 0:01:46]} 33. d4 {[%emt 0:01:33]} Nb6 {[%emt 0:01:24]} 34. Rac1 {[%emt 0:00:54]} Bxh4 {[%emt 0:00:50]} 35. Bxh4 {[%emt 0:00:32]} Rxh4 {[%emt 0:00:01]} 36. Kg2 {[%emt 0:01:16]} Qf7 {[%emt 0:02:50]} 37. Kg3 {[%emt 0:00:08]} Rh5 {[%emt 0:00:10]} 38. Bg4 {[%emt 0:01:47]} Rh6 {[%emt 0:00:04]} 39. Qd3 $11 {[%emt 0:03:09]} (39. Qa3 $16) 39... Qe7 {[%emt 0:00:41]} 40. Rh1 {[%emt 0:00:00]} Qf7 {[%emt 0:00:00]} 41. Rhf1 {[%emt 0:23:26]} Qe7 {[%emt 0:01:04]} 42. Kg2 1/2-1/2

[Event "WYCC 2018 G14"]
[Site "Halkidiki"]
[Date "2018.10.30"]
[Round "11"]
[White "Matus, Nastassja"]
[Black "Zeliantsova, Kseniya"]
[Result "1/2-1/2"]
[WhiteElo "1983"]
[BlackElo "1804"]
[Annotator "NA"]
[PlyCount "99"]
[EventDate "2018.10.20"]
[EventType "swiss"]
[EventCountry "GRE"]
[SourceTitle "playchess.com"]
[Source "ChessBase"]
[SourceQuality "1"]
[TimeControl "40/5400+30:1800+30"]

1. d4 {[%emt 0:00:00]} Nf6 {[%emt 0:00:00]} 2. Nf3 {[%emt 0:00:00]} g6 {[%emt 0:00:00]} 3. Bf4 {[%emt 0:00:00]} d6 {[%emt 0:00:06]} 4. h3 {[%emt 0:00:15]} Bg7 {[%emt 0:00:04]} 5. e3 {[%emt 0:00:08]} O-O {[%emt 0:00:17]} 6. Be2 {[%emt 0:00:09]} Nbd7 {[%emt 0:00:10]} 7. O-O {[%emt 0:00:30]} Qe8 {[%emt 0:00:43]} 8. Bh2 {[%emt 0:01:57]} e5 {[%emt 0:01:40]} 9. c4 {[%emt 0:02:18]} Qe7 {[%emt 0:01:00]} 10. Nc3 {[%emt 0:09:24]} c6 {[%emt 0:01:07]} 11. Rc1 {[%emt 0:08:20]} a6 {[%emt 0:04:25] A48: 1 d4 Nf6 2 Nf3 g6: Torre, London and Colle Systems} (11... Re8 12. c5 dxc5 13. dxe5 Nd5 14. Nxd5 cxd5 15. Qxd5 Nxe5 16. Bxe5 Bxe5 17. Bb5 Bxb2 18. Rc2 Rd8 19. Qxc5 Qxc5 20. Rxc5 {0-1 (55) Charochkina,D (2383)-Abdumalik,Z (2405) Doha 2016}) 12. b4 {[%emt 0:08:55]} e4 {[%emt 0:02:22]} 13. Nd2 {[%emt 0:02:20]} d5 {[%emt 0:01:18]} 14. Qb3 $146 {[%emt 0:11:57]} ({Predecessor:} 14. cxd5 cxd5 15. Qb3 Qe6 16. Rc2 g5 17. Rfc1 h5 18. Nf1 Bh6 19. b5 {0-1 (43) Camposano,A (2048)-Calvo,A (2206) Manila 1990}) 14... Qe6 {[%emt 0:06:54]} 15. a4 {[%emt 0:05:16]} Rd8 {[%emt 0:07:46]} 16. b5 {[%emt 0:05:28]} Nf8 {[%emt 0:03:31]} 17. bxc6 {[%emt 0:12:16]} bxc6 {[%emt 0:00:06]} 18. a5 {[%emt 0:00:26]} Qf5 {[%emt 0:15:04]} 19. Na4 {[%emt 0:07:03]} Be6 {[%emt 0:05:49]} 20. Nb6 {[%emt 0:03:41]} Ra7 {[%emt 0:00:11]} 21. Qa4 {[%emt 0:00:57]} dxc4 {[%emt 0:14:01]} 22. Ndxc4 {[%emt 0:04:47]} Qg5 {[%emt 0:02:47]} 23. Bf4 {[%emt 0:04:58]} Qh4 {[%emt 0:00:14]} 24. Bg3 {[%emt 0:01:50]} Qh6 {[%emt 0:07:10]} 25. Ne5 {[%emt 0:04:43]} Nd5 {[%emt 0:11:43]} 26. Qa3 {[%emt 0:04:37]} Bxe5 {[%emt 0:00:20]} 27. Bxe5 {[%emt 0:00:21]} Qg5 {[%emt 0:02:37]} 28. Kh2 {[%emt 0:00:50]} f6 {[%emt 0:00:37]} 29. Bg3 {[%emt 0:00:22]} h5 {[%emt 0:00:32]} 30. h4 {[%emt 0:00:24]} Qf5 {[%emt 0:00:05]} 31. f3 {[%emt 0:00:35]} g5 {[%emt 0:01:50]} 32. fxe4 {[%emt 0:00:08]} Qxe4 {[%emt 0:00:05]} 33. Nxd5 {[%emt 0:00:25]} Bxd5 {[%emt 0:00:19]} 34. Bf3 {[%emt 0:00:07]} Qe6 {[%emt 0:00:05]} 35. Bxd5 {[%emt 0:01:08]} cxd5 {[%emt 0:02:35]} 36. Qd3 {[%emt 0:00:44]} Rg7 {[%emt 0:04:52]} 37. Rf5 {[%emt 0:00:32]} Re8 {[%emt 0:01:56]} (37... Nh7 $16) 38. hxg5 {[%emt 0:00:27]} Rxg5 {[%emt 0:00:44]} 39. Rcf1 {[%emt 0:00:36]} Qxe3 {[%emt 0:03:25]} 40. Qxe3 {[%emt 0:00:00]} Rxe3 {[%emt 0:00:00]} 41. Rxg5+ {[%emt 0:04:23]} fxg5 {[%emt 0:00:20]} 42. Rf5 {[%emt 0:00:24]} Ne6 {[%emt 0:06:28]} 43. Rxd5 {[%emt 0:01:34]} Ra3 {[%emt 0:00:29]} 44. Bd6 {[%emt 0:04:22]} Ra4 {[%emt 0:01:21]} 45. Be5 {[%emt 0:03:43]} Kf7 {[%emt 0:02:45]} 46. Rd7+ {[%emt 0:02:13]} Kg6 {[%emt 0:00:29]} 47. Rd6 {[%emt 0:01:40]} Kf5 {[%emt 0:00:05]} 48. Rxa6 $11 {[%emt 0:00:54]} Nxd4 {[%emt 0:00:11]} 49. Bxd4 {[%emt 0:01:45]} Rxd4 {[%emt 0:00:05]} 50. Rb6 {[%emt 0:04:43]} 1/2-1/2

[Event "WYCC 2018 G14"]
[Site "Halkidiki"]
[Date "2018.10.30"]
[Round "11"]
[White "Stepanyan, Eva"]
[Black "Garifullina, Leya"]
[Result "1/2-1/2"]
[WhiteElo "1981"]
[BlackElo "2106"]
[Annotator "NA"]
[PlyCount "144"]
[EventDate "2018.10.20"]
[EventType "swiss"]
[EventCountry "GRE"]
[SourceTitle "playchess.com"]
[Source "ChessBase"]
[SourceQuality "1"]
[TimeControl "40/5400+30:1800+30"]

1. e4 {[%emt 0:00:00]} e5 {[%emt 0:00:00]} 2. Nf3 {[%emt 0:00:00]} Nc6 {[%emt 0:00:00]} 3. Bb5 {[%emt 0:00:00]} a6 {[%emt 0:00:15]} 4. Ba4 {[%emt 0:00:00]} Nf6 {[%emt 0:00:06]} 5. O-O {[%emt 0:00:30]} b5 {[%emt 0:01:08]} 6. Bb3 {[%emt 0:00:04]} Be7 {[%emt 0:00:17]} 7. Re1 {[%emt 0:01:10]} d6 {[%emt 0:01:23]} 8. c3 {[%emt 0:00:33]} O-O {[%emt 0:00:08]} 9. h3 {[%emt 0:00:33]} Nb8 {[%emt 0:01:13]} 10. d4 {[%emt 0:02:10]} Nbd7 {[%emt 0:00:20]} 11. Nbd2 {[%emt 0:07:07]} Bb7 {[%emt 0:00:39]} 12. a4 {[%emt 0:03:08]} c5 {[%emt 0:12:36]} 13. Bc2 {[%emt 0:12:31]} Re8 {[%emt 0:08:03]} 14. dxe5 {[%emt 0:10:11] C95: Closed Ruy Lopez: Breyer Variation with 10 d4} (14. d5 c4 15. b3 cxb3 16. Nxb3 Qc7 17. Be3 Nb6 18. Nbd2 Nfd7 19. axb5 {½-½ (19) Areshchenko,A (2678)-Efimenko,Z (2651) Rivne 2016}) 14... dxe5 {[%emt 0:03:54]} 15. b3 {[%emt 0:03:46]} Qc7 {[%emt 0:04:36]} 16. Qe2 {[%emt 0:01:05]} Bc6 {[%emt 0:03:04]} 17. Bb2 {[%emt 0:03:36]} Bf8 {[%emt 0:10:19] [#]} 18. Nf1 $146 {[%emt 0:08:31]} ({Predecessor:} 18. Ra2 g6 19. Rea1 Qb7 20. axb5 axb5 21. Rxa8 Rxa8 22. Rxa8 Qxa8 {½-½ (50) Felgaer,R (2556)-Butnorius,A (2402) Gibraltar 2007}) 18... Qb7 {[%emt 0:03:29]} 19. Rab1 {[%emt 0:05:33]} Nh5 {[%emt 0:06:28]} 20. g3 {[%emt 0:02:13]} g6 {[%emt 0:05:31]} 21. N3d2 {[%emt 0:01:41]} Ng7 {[%emt 0:02:29]} 22. Ne3 {[%emt 0:00:58]} Ne6 {[%emt 0:00:30]} 23. Nd5 {[%emt 0:05:55]} Ng5 {[%emt 0:08:03]} 24. axb5 {[%emt 0:12:53]} axb5 {[%emt 0:01:04]} 25. Nf3 {[%emt 0:10:55] [#]} Nxe4 $1 {[%emt 0:03:04]} 26. Bxe4 {[%emt 0:00:28]} Bxd5 {[%emt 0:00:06]} 27. Bxd5 {[%emt 0:01:32]} Qxd5 {[%emt 0:00:06]} 28. Qxb5 {[%emt 0:00:31]} Rab8 {[%emt 0:01:31]} 29. Qa4 {[%emt 0:00:59]} Qxf3 {[%emt 0:02:35]} 30. Qxd7 {[%emt 0:00:03]} Red8 {[%emt 0:01:24]} 31. Qa4 {[%emt 0:03:49]} Rd2 {[%emt 0:01:10]} 32. Rf1 {[%emt 0:00:16]} e4 {[%emt 0:02:22]} 33. Bc1 {[%emt 0:00:38]} Re2 {[%emt 0:00:31]} 34. Rb2 {[%emt 0:02:22]} Rd8 {[%emt 0:01:54]} 35. Rxe2 {[%emt 0:00:11]} Qxe2 {[%emt 0:00:04]} 36. Be3 {[%emt 0:00:28]} Qf3 {[%emt 0:02:52]} 37. b4 {[%emt 0:01:23]} cxb4 {[%emt 0:03:52]} 38. cxb4 {[%emt 0:00:02]} Rd3 {[%emt 0:00:37]} 39. Re1 {[%emt 0:00:06]} h5 {[%emt 0:00:24]} 40. Qe8 {[%emt 0:00:00]} Kg7 {[%emt 0:00:00]} 41. Qe5+ {[%emt 0:01:32]} Kh7 {[%emt 0:04:07]} 42. Bd4 {[%emt 0:00:49]} f6 {[%emt 0:00:46]} 43. Qxf6 {[%emt 0:01:04]} Qxf6 {[%emt 0:00:11]} 44. Bxf6 {[%emt 0:00:02]} Bxb4 {[%emt 0:01:12]} 45. Rxe4 {[%emt 0:00:01]} Bf8 {[%emt 0:00:41]} 46. Re8 {[%emt 0:01:00]} Kg8 {[%emt 0:00:06]} 47. Be7 {[%emt 0:01:18]} Kf7 {[%emt 0:00:04]} 48. Rxf8+ {[%emt 0:01:44]} Kxe7 {[%emt 0:00:05]} 49. Rf4 {[%emt 0:00:11]} Ra3 {[%emt 0:00:35]} 50. Kg2 {[%emt 0:00:08]} Rb3 {[%emt 0:00:18]} 51. g4 {[%emt 0:00:37]} hxg4 {[%emt 0:00:21]} 52. hxg4 {[%emt 0:00:01]} Ra3 {[%emt 0:00:31]} 53. Rf3 {[%emt 0:00:51]} Ra5 {[%emt 0:00:22]} 54. Kg3 {[%emt 0:00:08]} Rb5 {[%emt 0:00:08]} 55. Kh4 {[%emt 0:01:06]} Ra5 {[%emt 0:00:22]} 56. g5 {[%emt 0:00:26]} Ra4+ {[%emt 0:00:37]} 57. Kg3 {[%emt 0:00:04]} Ra6 {[%emt 0:00:06]} 58. Kg4 {[%emt 0:00:17]} Rb6 {[%emt 0:00:08]} 59. Ra3 {[%emt 0:01:45]} Rb4+ {[%emt 0:00:32]} 60. f4 {[%emt 0:00:13]} Kf7 {[%emt 0:00:12]} 61. Ra7+ {[%emt 0:00:14]} Kg8 {[%emt 0:00:08]} 62. Rd7 {[%emt 0:01:02]} Rb3 {[%emt 0:00:25]} 63. Re7 {[%emt 0:00:29]} Ra3 {[%emt 0:00:08]} 64. Re4 {[%emt 0:00:26]} Rb3 {[%emt 0:00:48]} 65. f5 {[%emt 0:00:19]} gxf5+ {[%emt 0:00:10]} 66. Kxf5 {[%emt 0:00:02]} Rb6 {[%emt 0:00:12]} 67. Re5 {[%emt 0:00:59]} Ra6 {[%emt 0:00:14]} 68. g6 {[%emt 0:00:54]} Ra1 {[%emt 0:00:10]} 69. Kf6 {[%emt 0:01:18]} Rf1+ {[%emt 0:00:04]} 70. Rf5 {[%emt 0:01:07]} Rxf5+ {[%emt 0:00:11]} 71. Kxf5 $11 {[%emt 0:00:02]} Kg7 {[%emt 0:00:07]} 72. Kg5 {[%emt 0:00:18]} Kg8 {[%emt 0:00:07]} 1/2-1/2

[Event "WYCC 2018 G14"]
[Site "Halkidiki"]
[Date "2018.10.30"]
[Round "11"]
[White "Ziegenfuss, Antonia"]
[Black "Villanyi, Alexia"]
[Result "1-0"]
[WhiteElo "1969"]
[BlackElo "1709"]
[Annotator "NA"]
[PlyCount "53"]
[EventDate "2018.10.20"]
[EventType "swiss"]
[EventCountry "GRE"]
[SourceTitle "playchess.com"]
[Source "ChessBase"]
[SourceQuality "1"]
[TimeControl "40/5400+30:1800+30"]

1. d4 {[%emt 0:00:00]} Nf6 {[%emt 0:00:00]} 2. c4 {[%emt 0:00:00]} e6 {[%emt 0:03:36]} 3. Nc3 {[%emt 0:00:00]} Bb4 {[%emt 0:00:17]} 4. f3 {[%emt 0:00:00]} O-O {[%emt 0:00:16]} 5. e4 {[%emt 0:00:39]} d5 {[%emt 0:00:37]} 6. e5 {[%emt 0:06:20]} Nfd7 {[%emt 0:00:27]} 7. h4 {[%emt 0:05:25]} f6 {[%emt 0:13:07]} 8. Qb3 {[%emt 0:17:13]} Nc6 {[%emt 0:32:09]} 9. Bd3 {[%emt 0:20:04]} Nb6 {[%emt 0:05:15]} 10. c5 {[%emt 0:06:21]} Nc4 {[%emt 0:04:52]} 11. f4 {[%emt 0:12:24]} b6 {[%emt 0:20:30]} 12. cxb6 {[%emt 0:02:02]} axb6 {[%emt 0:00:10]} 13. Nf3 {[%emt 0:01:13]} Ba6 {[%emt 0:00:35]} 14. Qc2 {[%emt 0:03:12]} f5 {[%emt 0:01:57]} 15. a3 {[%emt 0:02:03]} Be7 {[%emt 0:02:34]} 16. b4 {[%emt 0:02:02]} b5 {[%emt 0:01:26]} 17. g4 {[%emt 0:01:20]} g6 {[%emt 0:00:40]} 18. h5 {[%emt 0:01:59]} Kg7 {[%emt 0:03:52]} 19. Qg2 {[%emt 0:01:53]} Qe8 {[%emt 0:01:12]} 20. Ra2 {[%emt 0:00:45]} Bxb4 {[%emt 0:01:20]} 21. axb4 {[%emt 0:00:51]} Nxb4 {[%emt 0:00:02]} 22. Bxc4 {[%emt 0:00:19]} Nxa2 {[%emt 0:00:15]} 23. Bxa2 {[%emt 0:00:05]} b4 {[%emt 0:00:11]} 24. Nd1 {[%emt 0:00:33]} Rh8 {[%emt 0:00:55]} 25. gxf5 {[%emt 0:00:23]} exf5 {[%emt 0:00:07]} 26. Bxd5 {[%emt 0:00:05]} Rd8 {[%emt 0:01:01]} 27. Ng5 {[%emt 0:00:14]} 1-0

[Event "WYCC 2018 G14"]
[Site "Halkidiki"]
[Date "2018.10.30"]
[Round "11"]
[White "Lehaci, Miruna-Daria"]
[Black "Dhyana Patel"]
[Result "1-0"]
[WhiteElo "1933"]
[BlackElo "2002"]
[Annotator "NA"]
[PlyCount "153"]
[EventDate "2018.10.20"]
[EventType "swiss"]
[EventCountry "GRE"]
[SourceTitle "playchess.com"]
[Source "ChessBase"]
[SourceQuality "1"]
[TimeControl "40/5400+30:1800+30"]

1. e4 {[%emt 0:00:00]} c5 {[%emt 0:00:00]} 2. Nf3 {[%emt 0:00:00]} g6 {[%emt 0:00:18]} 3. d4 {[%emt 0:00:00]} cxd4 {[%emt 0:00:11]} 4. Qxd4 {[%emt 0:00:00]} Nf6 {[%emt 0:00:23]} 5. Nc3 {[%emt 0:00:00]} Nc6 {[%emt 0:00:35]} 6. Qa4 {[%emt 0:00:00]} d6 {[%emt 0:00:41]} 7. e5 {[%emt 0:00:00]} dxe5 {[%emt 0:00:37]} 8. Nxe5 {[%emt 0:00:01]} Qd4 {[%emt 0:00:32] B27: Sicilian: 2 Nf3, unusual Black 2nd moves} 9. Nxc6 {[%emt 0:01:30]} Qxa4 {[%emt 0:00:46]} 10. Nxa4 {[%emt 0:00:04]} bxc6 {[%emt 0:00:06] LiveBook: 36 Games} 11. Be3 {[%emt 0:10:29]} Bg7 {[%emt 0:00:40]} 12. c3 $146 {[%emt 0:01:49]} ({Predecessor:} 12. Bd4 O-O 13. Be2 Bf5 14. O-O-O Rfd8 15. Bf3 Bh6+ 16. Be3 Bxe3+ 17. fxe3 {1-0 (41) Khanin,S (2458)-Savchenko,B (2566) Taganrog 2018}) 12... O-O {[%emt 0:01:31]} 13. Be2 {[%emt 0:03:34]} Bf5 {[%emt 0:00:41]} 14. O-O {[%emt 0:02:04]} Rfd8 {[%emt 0:01:42]} 15. Ba6 {[%emt 0:07:39]} Bd3 {[%emt 0:06:25]} 16. Bxd3 {[%emt 0:00:06]} Rxd3 {[%emt 0:00:02]} 17. Nc5 {[%emt 0:00:23]} Rd5 {[%emt 0:00:35]} 18. c4 {[%emt 0:05:29]} Rdd8 {[%emt 0:02:01]} 19. h3 {[%emt 0:07:15]} Ne8 {[%emt 0:00:54]} 20. Nb7 {[%emt 0:07:35]} Rdb8 {[%emt 0:03:19]} 21. Na5 {[%emt 0:00:30]} Rc8 {[%emt 0:01:19]} 22. Rab1 {[%emt 0:00:56]} Rab8 {[%emt 0:01:14]} 23. b4 {[%emt 0:00:48]} Rc7 {[%emt 0:13:48]} 24. Rb3 {[%emt 0:14:57]} Nd6 {[%emt 0:01:43]} 25. Re1 {[%emt 0:01:05]} Re8 {[%emt 0:03:54]} 26. Rd3 {[%emt 0:04:20]} Nf5 {[%emt 0:02:37]} 27. Bc5 {[%emt 0:00:10]} e5 {[%emt 0:01:08]} 28. g4 {[%emt 0:06:52]} Nh4 {[%emt 0:01:01]} 29. Red1 {[%emt 0:00:16]} Rcc8 {[%emt 0:04:27]} 30. Bxa7 {[%emt 0:03:08]} Bf8 {[%emt 0:00:25]} 31. a3 {[%emt 0:02:15]} e4 {[%emt 0:01:09]} 32. Rd7 {[%emt 0:00:13]} Nf3+ {[%emt 0:00:09]} 33. Kg2 {[%emt 0:00:07]} Ne5 {[%emt 0:00:27]} 34. Rb7 {[%emt 0:02:45]} Nd3 {[%emt 0:00:34]} 35. Kf1 {[%emt 0:03:52]} Re6 {[%emt 0:05:57]} 36. Rb8 {[%emt 0:04:26]} Rxb8 {[%emt 0:02:33]} 37. Bxb8 {[%emt 0:00:05]} Rf6 {[%emt 0:00:14]} 38. Bg3 {[%emt 0:01:22]} c5 {[%emt 0:04:20]} 39. b5 {[%emt 0:00:14]} Re6 {[%emt 0:03:01]} 40. Nb3 {[%emt 0:00:00]} f5 {[%emt 0:00:00]} 41. gxf5 {[%emt 0:06:39]} gxf5 {[%emt 0:00:34]} 42. Bc7 {[%emt 0:00:07]} Kf7 {[%emt 0:11:23]} 43. Nc1 {[%emt 0:11:08]} Nb2 {[%emt 0:00:45]} 44. Rd7+ {[%emt 0:00:40]} Re7 {[%emt 0:00:19]} 45. b6 {[%emt 0:03:37]} Rxd7 {[%emt 0:00:05]} 46. b7 {[%emt 0:00:03]} Rd1+ {[%emt 0:00:05]} 47. Kg2 {[%emt 0:00:22]} Rxc1 {[%emt 0:00:15]} 48. b8=Q {[%emt 0:00:05]} Nd3 {[%emt 0:00:13]} 49. Qc8 {[%emt 0:00:58]} Ne1+ {[%emt 0:01:09]} 50. Kg3 {[%emt 0:00:39]} Rc3+ {[%emt 0:00:13]} 51. Kf4 {[%emt 0:00:33]} Rf3+ {[%emt 0:00:34]} 52. Ke5 {[%emt 0:00:17]} Nd3+ {[%emt 0:00:26]} 53. Kd5 {[%emt 0:00:05]} Rxf2 {[%emt 0:00:33]} 54. Qe6+ {[%emt 0:01:30]} Kg7 {[%emt 0:00:04]} 55. Be5+ $2 {[%emt 0:02:23]} (55. Qe8 $18) 55... Nxe5 {[%emt 0:00:11]} 56. Kxe5 {[%emt 0:02:07]} Rg2 {[%emt 0:00:37]} 57. Qxf5 {[%emt 0:01:43]} e3 {[%emt 0:00:21]} 58. Qf3 {[%emt 0:01:26]} Rg5+ {[%emt 0:00:10]} 59. Ke4 {[%emt 0:03:18]} Bd6 {[%emt 0:00:24]} 60. Kd3 {[%emt 0:00:09]} Be5 {[%emt 0:01:02]} 61. Qb7+ {[%emt 0:02:13]} Kg6 {[%emt 0:00:16]} 62. Kxe3 {[%emt 0:00:39]} Bd4+ {[%emt 0:00:21]} 63. Kd2 {[%emt 0:00:11]} Rf5 {[%emt 0:00:29]} 64. a4 {[%emt 0:01:27]} Rf2+ {[%emt 0:00:07]} 65. Kd3 {[%emt 0:00:09]} Ra2 {[%emt 0:00:29]} 66. a5 {[%emt 0:01:33]} Ra3+ {[%emt 0:00:19]} 67. Ke4 {[%emt 0:00:08]} Rxh3 {[%emt 0:00:22]} 68. a6 {[%emt 0:00:31]} Re3+ {[%emt 0:00:11]} 69. Kd5 {[%emt 0:00:04]} Re5+ {[%emt 0:00:12]} 70. Kc6 {[%emt 0:00:06]} Re6+ {[%emt 0:00:09]} 71. Kb5 {[%emt 0:00:14]} Re3 {[%emt 0:00:37]} 72. Qg2+ $18 {[%emt 0:00:27]} Kh6 {[%emt 0:00:14]} 73. a7 {[%emt 0:00:22]} Rb3+ {[%emt 0:00:06]} 74. Kc6 {[%emt 0:00:05]} Ra3 {[%emt 0:00:13]} 75. Kb7 {[%emt 0:00:48]} Rb3+ {[%emt 0:00:05]} 76. Kc8 {[%emt 0:00:07]} Re3 {[%emt 0:00:10]} 77. Qc6+ {[%emt 0:00:46]} 1-0